<?xml version="1.0" encoding="UTF-8"?><?xml-stylesheet type="text/xsl" href="static/style.xsl"?><OAI-PMH xmlns="http://www.openarchives.org/OAI/2.0/" xmlns:xsi="http://www.w3.org/2001/XMLSchema-instance" xsi:schemaLocation="http://www.openarchives.org/OAI/2.0/ http://www.openarchives.org/OAI/2.0/OAI-PMH.xsd"><responseDate>2026-04-17T14:57:52Z</responseDate><request verb="GetRecord" identifier="oai:www.recercat.cat:20.500.12327/2960" metadataPrefix="marc">https://recercat.cat/oai/request</request><GetRecord><record><header><identifier>oai:recercat.cat:20.500.12327/2960</identifier><datestamp>2025-10-22T11:23:55Z</datestamp><setSpec>com_2072_4428</setSpec><setSpec>com_2072_4427</setSpec><setSpec>col_2072_487898</setSpec></header><metadata><record xmlns="http://www.loc.gov/MARC21/slim" xmlns:dcterms="http://purl.org/dc/terms/" xmlns:xsi="http://www.w3.org/2001/XMLSchema-instance" xmlns:doc="http://www.lyncode.com/xoai" xsi:schemaLocation="http://www.loc.gov/MARC21/slim http://www.loc.gov/standards/marcxml/schema/MARC21slim.xsd">
   <leader>00925njm 22002777a 4500</leader>
   <datafield ind2=" " ind1=" " tag="042">
      <subfield code="a">dc</subfield>
   </datafield>
   <datafield ind2=" " ind1=" " tag="720">
      <subfield code="a">Sánchez-García, M.</subfield>
      <subfield code="e">author</subfield>
   </datafield>
   <datafield ind2=" " ind1=" " tag="720">
      <subfield code="a">Royo, Conxita</subfield>
      <subfield code="e">author</subfield>
   </datafield>
   <datafield ind2=" " ind1=" " tag="720">
      <subfield code="a">Aparicio, N.</subfield>
      <subfield code="e">author</subfield>
   </datafield>
   <datafield ind2=" " ind1=" " tag="720">
      <subfield code="a">Martín-Sánchez, J.A.</subfield>
      <subfield code="e">author</subfield>
   </datafield>
   <datafield ind2=" " ind1=" " tag="720">
      <subfield code="a">Álvaro, Fanny</subfield>
      <subfield code="e">author</subfield>
   </datafield>
   <datafield ind2=" " ind1=" " tag="260">
      <subfield code="c">2012-04-17</subfield>
   </datafield>
   <datafield ind2=" " ind1=" " tag="520">
      <subfield code="a">A collection of 26 wheat genotypes widely grown in Spain during the 20th century was evaluated in eight&#xd;
contrasting environments in order to quantify breeding achievements in yield and associated traits. From 1930 to&#xd;
2000, yield increased at a rate of 35·1 kg/ha/yr or 0·88%/yr, but estimations of relative genetic gain (RGG) were&#xd;
environment-dependent. RGG estimated for yield were positively associated with the average minimum daily&#xd;
temperatures from sowing to heading in the testing environments (R2=0·81; P&lt;0·01). The number of grains/spike&#xd;
and the number of spikes/m2 increased at a rate of 0·60%/yr and 0·30%/yr, respectively, while grain weight&#xd;
remained unchanged. The present study detected two main episodes of yield improvement during the century.&#xd;
The first one coincided with the introduction, during the 1950s, of the first improved cultivars derived from intraspecific crosses, which increased the yield of landraces by 30% due to an increase of c. 58% in the number of&#xd;
grains/spike, accompanied by a 16% reduction in grain weight. These initial cultivars (termed ‘old-bred’ in a&#xd;
previous study by Sanchez-Garcia et al. 2012) exhibited a higher harvest index (HI), increased from 0·25 to 0·40,&#xd;
but maintained the same aboveground biomass at maturity as the landraces (despite reducing both plant height&#xd;
and the number of tillers/plant) due to increases in the proportion of tillers bearing spikes. The second yield gain&#xd;
occurred after the introduction, in the early 1970s, of semi-dwarf germplasm from CIMMYT (International Maize&#xd;
and Wheat Improvement Centre) and some French cultivars. This new germplasm further reduced plant height,&#xd;
improved HI up to 0·45 and increased the number of tillers/plant while maintaining their rate of fertility, thus&#xd;
resulting in a yield gain of c. 37%. The cultivars released during the last decade of the century did not contribute to&#xd;
significant yield improvements.</subfield>
   </datafield>
   <datafield ind1="8" ind2=" " tag="024">
      <subfield code="a">Sánchez-García, Miguel, C. Royo, Nieves Aparicio, J. A. Martín-Sánchez, and Fanny Álvaro. 2012. “Genetic Improvement of Bread Wheat Yield and Associated Traits in Spain During the 20th Century.” Journal of Agricultural Science 151 (1): 105–118. doi:10.1017/s0021859612000330</subfield>
   </datafield>
   <datafield ind1="8" ind2=" " tag="024">
      <subfield code="a">0021-8596</subfield>
   </datafield>
   <datafield ind1="8" ind2=" " tag="024">
      <subfield code="a">http://hdl.handle.net/20.500.12327/2960</subfield>
   </datafield>
   <datafield ind1="8" ind2=" " tag="024">
      <subfield code="a">https://doi.org/10.1017/S0021859612000330</subfield>
   </datafield>
   <datafield ind2="0" ind1="0" tag="245">
      <subfield code="a">Genetic improvement of bread wheat yield and associated traits in Spain during the 20th century</subfield>
   </datafield>
</record></metadata></record></GetRecord></OAI-PMH>